LEADER 00991nam0-22003251i-450- 001 990005448200403321 005 20060712114706.0 035 $a000544820 035 $aFED01000544820 035 $a(Aleph)000544820FED01 035 $a000544820 100 $a19990604d1979----km-y0itay50------ba 101 0 $aita 105 $ay-------001yy 200 1 $aCarcere e fabbrica$ealle origini del sistema penitenziario [XVI-XIX secolo], Dario Melossi$fMassimo Pavaroni 205 $a2. ed. 210 $aBologna$cIl Mulino$d1979 215 $a263 p.$d22 cm 225 1 $aQuaderni della rivista La questione criminale$v1 610 0 $aCarceri$aStoria$aSec. 16.-19. 676 $a365.9$v21$zita 700 1$aMelossi,$bDario$f<1948- >$0140398 702 1$aPavarini,$bMassimo 801 0$aIT$bUNINA$gRICA$2UNIMARC 901 $aBK 912 $a990005448200403321 952 $a365.9 MEL 1$bST.MED.MOD. 9819$fFLFBC 959 $aFLFBC 996 $aCarcere e fabbrica$9591814 997 $aUNINA LEADER 00973nam a2200241 i 4500 001 991003261729707536 008 080124s2007 sp 000 0 spa d 020 $a9788497684408 035 $ab13656946-39ule_inst 040 $aDip.to Studi Giuridici$bita 082 0 $a342.46 100 1 $aMartínez Zorrilla, David$0627603 245 10$aConflictos constitucionales, ponderación e indeterminación normativa /$cDavid Martinez Zorrilla ; prologo de Jose Juan Moreso 260 $aMadrid :$bMarcial Pons,$c2007 300 $a389 p. ;$c24 cm 440 0$aFilosofia y derecho 700 1 $aMoreso, Jose Juan 907 $a.b13656946$b02-04-14$c24-01-08 912 $a991003261729707536 945 $aLE027 342.46 MAR01.01$g1$i2027000177028$lle027$o-$pE35.00$q-$rl$s- $t0$u0$v0$w0$x0$y.i14729258$z17-04-08 996 $aConflictos constitucionales, ponderación e indeterminación normativa$91213005 997 $aUNISALENTO 998 $ale027$b24-01-08$cm$da $e-$fspa$gsp $h0$i0